| 000 | 00610nam a2200241 a 4500 | ||
|---|---|---|---|
| 003 | AR-BaBNM | ||
| 005 | 20251128205657.0 | ||
| 008 | 082120s2002 ||||||||||||||000 | spa|| | ||
| 020 | _a970-607-018-4 | ||
| 040 | _cAR-BaBNM | ||
| 100 | 1 | _aGarcía Pelayo y Gross, Ramón | |
| 245 | 0 | 0 |
_aLarousse _bdiccionario práctico : conjugación |
| 250 | _a1ª ed. | ||
| 260 |
_aBarcelona _bLarousse _c1982 |
||
| 300 | _a175 p. | ||
| 650 | 4 | _aDICCIONARIOS | |
| 650 | 4 | _aESPAÑOL | |
| 650 | 4 | _aMORFOLOGIA [LINGÜISTICA] | |
| 655 | _aREFERENCIA | ||
| 700 | 1 | _aDurand, Micheline | |
| 942 | _cBK | ||
| 998 | _claura | ||
| 999 |
_c12362 _d12362 |
||